| 000 | 00423nam a2200085Ia 4500 | ||
|---|---|---|---|
| 008 | 160715s9999 xx 000 0 und d | ||
| 245 | 4 | _aThe Film Club of Southville International School and Colleges Manila: Manila students immerse in new film school | |
| 260 |
_bPhilippine Daily Inquirer _cNovember 22, 2015 |
||
| 856 | _uhttp://cebudailynews.inquirer.net/tag/the-film-club-of-southville-international-school-and-colleges-manila | ||
| 999 |
_c297732 _d297732 |
||